Olympics medal table - Golf - Statistics

General Stats
  • This quiz has been taken 33 times
  • The average score is 7 of 10
Answer Stats
Total Gold Silver Bronze Nation % Correct
13 5 3 5 United States
100%
3 1 1 1 Great Britain
84%
1 1 0 0 Canada
78%
1 0 1 0 Japan
78%
1 1 0 0 South Korea
75%
1 0 1 0 Sweden
75%
1 0 0 1 China
69%
2 0 1 1 New Zealand
56%
1 0 0 1 Taiwan
34%
1 0 1 0 Slovakia
13%
No matching quizzes found
Score Distribution
Percent of People with Each Score
Percentile by Number Answered
Your Score History
You have not taken this quiz